[Event "EuYCh B18"]
[Site "Peniscola ESP"]
[Date "2002.09.30"]
[Round "2"]
[White "Sitnikov,A"]
[Black "Drozdovskij,Y"]
[Result "1-0"]
[WhiteElo "2338"]
[BlackElo "2443"]

1.e4 e6 2.d4 d5 3.Nc3 Bb4 4.e5 Ne7 5.Bd2 c5 6.Nce2 Bxd2+ 7.Qxd2 Nbc6 8.f4 b6
9.Nf3 Ba6 10.c3 O-O 11.O-O-O f6 12.exf6 Rxf6 13.Ng3 Bxf1 14.Rhxf1 Qc7 15.Nh5 Rg6
16.Kb1 Nf5 17.h3 Nd6 18.g4 Rh6 19.Ne5 Ne4 20.Qg2 Rc8 21.Rc1 Qe7 22.Rfe1 Nxe5
23.dxe5 Qh4 24.Re2 Rf8 25.Rce1 c4 26.f5 Qg5 27.h4 Qxh4 28.Nf4 exf5 29.Nxd5 Re6
30.gxf5 Rxe5 31.f6 g6 32.Rh1 Qg3 33.Ne7+ Kf7 34.Rxh7+ Kxf6 35.Qxg3 Nxg3 36.Rxe5 Rd8
37.Re1  1-0

[Event "Eu Rapid Ch"]
[Site "Panormo GRE"]
[Date "2002.10.01"]
[Round "6"]
[White "Smirnov,P"]
[Black "Pelletier,Y"]
[Result "1-0"]
[WhiteElo "2539"]
[BlackElo "2571"]

1.e4 e6 2.d4 d5 3.Nc3 Bb4 4.e5 Ne7 5.a3 Bxa3 6.bxa3 c5 7.Nf3 Bd7 8.a4 Qa5
9.Bd2 Nbc6 10.Bb5 a6 11.Bxc6 Nxc6 12.O-O Qc7 13.Re1 Na5 14.Bf4 Nc4 15.Bg3 Nb2
16.Qb1 Nxa4 17.Re3 O-O 18.Qd1 Rac8 19.Bf4 cxd4 20.Nxd4 f5 21.Rxa4 Bxa4 22.Nxe6 Qc4
23.Nxf8 Kxf8 24.e6 Be8 25.Be5 a5 26.Bd4 Kg8 27.Rg3 g6 28.Qh5 Rc6 29.Qxh7+  1-0

[Event "EuYCh B18"]
[Site "Peniscola ESP"]
[Date "2002.10.05"]
[Round "6"]
[White "Zaragatski,I"]
[Black "Drozdovskij,Y"]
[Result "1/2-1/2"]
[WhiteElo "2319"]
[BlackElo "2443"]

1.e4 e6 2.d4 d5 3.Nc3 Bb4 4.e5 Ne7 5.a3 Bxc3+ 6.bxc3 c5 7.Qg4 Kf8 8.a4 Qc7
9.Nf3 cxd4 10.Qxd4 Nbc6 11.Qc5 f6 12.exf6 gxf6 13.c4 Kf7 14.cxd5 Nxd5 15.Bd3 Qa5+
16.Qxa5 Nxa5 17.Bd2 Nc6 18.Rb1 Rb8 19.O-O e5  1/2-1/2

[Event "ch-ESP Open"]
[Site "Ayamonte ESP"]
[Date "2002.10.06"]
[Round "3"]
[White "Lacasa Diaz,J"]
[Black "Hernando Rodrigo,Ju"]
[Result "1-0"]
[WhiteElo "2424"]
[BlackElo "2303"]

1.e4 e6 2.d4 d5 3.Nc3 Bb4 4.e5 Ne7 5.a3 Bxc3+ 6.bxc3 c5 7.Qg4 Qc7 8.Qxg7 Rg8
9.Qxh7 cxd4 10.Ne2 Nbc6 11.f4 dxc3 12.Qd3 Bd7 13.Rb1 d4 14.Nxd4 Nxd4 15.Qxd4 Nf5
16.Qf2 Bc6 17.Rg1 Rd8 18.Rb4 Qa5 19.Bd3 Rxd3 20.cxd3 Qd5 21.g4 a5 22.Rc4 Qxd3
23.gxf5 Rxg1+ 24.Qxg1 Qxc4 25.Qg8+ Ke7 26.f6+ Kd7 27.Qxf7+ Kc8 28.Qf8+ Kc7
29.Qf7+ Kc8 30.Qg8+ Kc7 31.Qh7+ Kb6 32.Be3+ Kb5 33.Qb1+ Ka4 34.Qc2+ Kb5 35.f7 Be4
36.a4+ Ka6  1-0

[Event "ch-ESP Open"]
[Site "Ayamonte ESP"]
[Date "2002.10.07"]
[Round "4"]
[White "Pablo Marin,A"]
[Black "Fernandez,Gera"]
[Result "1/2-1/2"]
[WhiteElo "2434"]
[BlackElo "2206"]

1.e4 e6 2.d4 d5 3.Nc3 Bb4 4.e5 Ne7 5.a3 Bxc3+ 6.bxc3 b6 7.Qg4 Ng6 8.h4 h5
9.Qg3 Ba6 10.Ne2 Qd7 11.a4 Nc6 12.Nf4 Bxf1 13.Nxg6 fxg6 14.Qxg6+ Qf7 15.Qxf7+ Kxf7
16.Kxf1 Na5 17.f3 Nc4 18.g4 a5 19.Ke2 Rh7 20.Bg5 Rf8 21.Rhg1 Ke8 22.Rg3  1/2-1/2

[Event "ch-ESP Open"]
[Site "Ayamonte ESP"]
[Date "2002.10.08"]
[Round "5"]
[White "Figuero Toro,J"]
[Black "Fernandez,Gera"]
[Result "0-1"]
[WhiteElo "2260"]
[BlackElo "2206"]

1.e4 e6 2.d4 d5 3.Nc3 Bb4 4.e5 Ne7 5.a3 Bxc3+ 6.bxc3 b6 7.h4 Ba6 8.Bxa6 Nxa6
9.h5 h6 10.Qg4 Rg8 11.Rh3 Qd7 12.a4 Nb8 13.Rf3 Nbc6 14.Ne2 Na5 15.Kf1 Nc4
16.Qf4 Rf8 17.Qg4 Rg8 18.Rf4 Nc6 19.Qf3 Rf8 20.Qg3 Ne7 21.Qxg7 Nf5 22.Qf6 Qe7
23.Qxe7+ Nxe7 24.Rf6 Ng8 25.Rf3 f6 26.exf6 Rxf6 27.Rxf6 Nxf6 28.Ng3 Kf7 29.Bf4 c6
30.f3 Rg8 31.Kf2 Kg7 32.Re1 Re8 33.Ra1 Rf8 34.Ke2 Nd7 35.Be3 Nf6 36.Rb1 Na3
37.Rh1 Nc4 38.Rb1 Na3 39.Rh1 Nc4 40.Ra1 Rg8 41.Bf4 Rf8 42.Bc1 Rg8 43.Kf2 Rf8
44.Ba3 Re8 45.Bb4 a5 46.Ba3 b5 47.Bc1 Rb8 48.Bf4 Rb7 49.Ke2 bxa4 50.Bc1 Rb5
51.Kd3 Rb7 52.Nf1 Nxh5 53.g4 Nf6 54.Ne3 Nxe3 55.Bxe3 Nd7 56.Rxa4 Ra7 57.Ra1 Nb6
58.Rh1 a4 59.Bxh6+ Kg6 60.Bf8 Rf7 61.Rh6+ Kg5 62.Rh5+ Kf4 63.Rh1  0-1

[Event "ch-ESP Open"]
[Site "Ayamonte ESP"]
[Date "2002.10.12"]
[Round "9"]
[White "Fernandez Siles,L"]
[Black "Hernando Rodrigo,Ju"]
[Result "0-1"]
[WhiteElo "2236"]
[BlackElo "2303"]

1.e4 e6 2.d4 d5 3.Nc3 Bb4 4.e5 Ne7 5.a3 Bxc3+ 6.bxc3 c5 7.Nf3 Nbc6 8.a4 Qa5
9.Bd2 Bd7 10.h4 f6 11.c4 Qc7 12.exf6 gxf6 13.cxd5 Nxd5 14.dxc5 O-O-O 15.Qb1 e5
16.c4 e4 17.cxd5 exf3 18.d6 Rhe8+ 19.Kd1 Bg4 20.g3 Qf7 21.a5 Qd5 22.Qxh7 Rd7
23.Qc2 Re2 24.Ra4 Bf5 25.Qb2 Rxd2+ 26.Qxd2 Qb3+ 27.Ke1 Qxa4 28.a6 Qa1+ 29.Qd1 Qe5+  0-1

[Event "TCh-FIN 2002-3"]
[Site "Finland FIN"]
[Date "2002.10.20"]
[Round "3"]
[White "Sorsa,M"]
[Black "Tolonen,M"]
[Result "1-0"]
[WhiteElo "2170"]
[BlackElo "2241"]

1.e4 e6 2.d4 d5 3.Nc3 Bb4 4.e5 b6 5.Qg4 Bf8 6.h4 h5 7.Qd1 Ba6 8.Be2 Bxe2
9.Ngxe2 Qd7 10.Nf4 g6 11.Qf3 Ne7 12.Be3 Nbc6 13.g3 O-O-O 14.O-O-O Kb8 15.Kb1 Na5
16.Qe2 Nc4 17.b3 Na5 18.Bc1 Nf5 19.Bb2 Be7 20.Ka1 Qc8 21.Na4 c5 22.dxc5 Bxc5
23.Nxc5 Qxc5 24.c3 Qc7 25.Rhe1 Rc8 26.Qa6 Rhd8 27.Nd3 Nb7 28.Qb5 Nc5 29.Nb4 Ka8
30.Na6 Qb7 31.Nxc5 bxc5 32.Qxb7+ Kxb7 33.c4 d4 34.Rd3 Ne7 35.a3 Nc6 36.Bc1 a5
37.Bd2 Kb6 38.Ka2 Ra8 39.f3 Rf8 40.Bh6 Rg8 41.Bg5 Kc7 42.Bd2 Rgf8 43.Re4 Ra7
44.Re2 Kd7 45.g4 f6 46.Bh6 Rf7 47.exf6 Rxf6 48.gxh5 gxh5 49.Bg7 Rf5 50.Rg2 Kd6
51.f4 Rxf4 52.Rg5 Rf2+ 53.Kb1 Raf7 54.Rdg3 Rh2 55.Rg2 Rxh4 56.Re2 Rg4 57.Be5+ Nxe5
58.Rgxe5 Rg6 59.Rxh5 Rf3 60.Ka2 d3 61.Rd2 e5 62.b4 axb4 63.axb4 Re6  1-0

[Event "10th Chigorin Mem"]
[Site "St Petersburg RUS"]
[Date "2002.10.25"]
[Round "1"]
[White "Okrugin,S"]
[Black "Potkin,V"]
[Result "1/2-1/2"]
[WhiteElo "2392"]
[BlackElo "2495"]

1.e4 e6 2.d4 d5 3.Nc3 Bb4 4.e5 Ne7 5.a3 Bxc3+ 6.bxc3 b6 7.Qg4 Ng6 8.h4 h5
9.Qg3 Ba6 10.Ne2 Rh7 11.Ng1 Bxf1 12.Kxf1 c5 13.Qd3 Nc6 14.Nf3 Rh8 15.Rh3 Qd7
16.Rg3 Rc8 17.Bg5 Na5 18.Nd2 Rc7 19.Ra2 Qa4 20.f4 cxd4 21.cxd4 Nc4 22.f5 Nxd2+
23.Bxd2 Nxh4 24.fxe6 fxe6 25.Bb4 Rf7+ 26.Kg1 Nf5 27.Rg6 Kd7 28.c4 Qc6 29.Rc2 dxc4  1/2-1/2

[Event "10th Chigorin Mem B"]
[Site "St Petersburg RUS"]
[Date "2002.10.25"]
[Round "1"]
[White "Loukachouk,A"]
[Black "Toporov,V"]
[Result "1/2-1/2"]
[WhiteElo "2326"]
[BlackElo "2158"]

1.e4 e6 2.d4 d5 3.Nc3 Bb4 4.e5 Ne7 5.Qg4 c5 6.a3 Qa5 7.Ne2 Bxc3+ 8.bxc3 O-O
9.h4 Nbc6 10.Bd2 Qa4 11.Nf4 cxd4 12.Nd3 h5 13.Qxh5 dxc3 14.Bxc3 Qe4+ 15.Be2 d4
16.Bd2 Nf5 17.Bf4 f6 18.exf6 Rxf6 19.Kf1 Nfe7 20.Bg5 Rf7 21.Nf4 Ne5 22.Re1 Qf5
23.Bd1 N5g6 24.Nd3 e5 25.Bxe7 Rxe7 26.Qxf5 Bxf5 27.h5 Bxd3+ 28.cxd3 Nf4 29.Bb3+ Kh7
30.Bc4 Rd8 31.Rh4 Rdd7 32.g3 Nd5 33.Rhe4 a6 34.Rxe5 Ne3+ 35.R5xe3 dxe3 36.fxe3 b5
37.Bb3 Kh6 38.Ke2 Rc7 39.Kd2 a5 40.Rh1 b4 41.axb4 axb4 42.Rb1 Re5 43.g4 Kg5
44.Bd1 Ra5 45.Rb2 Ra3 46.Bb3 Kxg4 47.Be6+ Kxh5 48.Rxb4 Kg5 49.Bc4 g6 50.e4 Kf4
51.Rb6 g5 52.Rf6+ Kg3 53.Rg6 Ra5 54.Bd5 Kf4 55.Rf6+ Ke5 56.Rf5+ Kd4 57.Rxg5 Rh7
58.Rg2 Rb5 59.Kc2 Rh3 60.Bc4 Rbh5 61.Rg7 Rh2+  1/2-1/2

[Event "10th Chigorin Mem B"]
[Site "St Petersburg RUS"]
[Date "2002.10.27"]
[Round "3"]
[White "Slizhevsky,A"]
[Black "Toporov,V"]
[Result "1-0"]
[WhiteElo "2323"]
[BlackElo "2158"]

1.e4 e6 2.d4 d5 3.Nc3 Bb4 4.e5 Ne7 5.a3 Bxc3+ 6.bxc3 c5 7.Qg4 Nf5 8.Bd3 h5
9.Qf4 Qa5 10.Bd2 Qa4 11.Nf3 c4 12.Bxf5 exf5 13.Qg5 Rh7 14.O-O Be6 15.Rfb1 b6
16.Ra2 Qd7 17.a4 Nc6 18.Bc1 Na5 19.Qh4 Rh8 20.Kh1 Qc6 21.Qg3 Rg8 22.Qg5 Kd7
23.Ba3 Rae8 24.Bb4 Nb7 25.a5 bxa5 26.Bxa5 Nxa5 27.Rxa5 a6 28.Rc5 Rb8 29.Rxb8 Rxb8
30.Rxc6 Rb1+ 31.Ng1 Kxc6 32.Qd8 Kb7 33.f4 Rb5 34.h4 a5 35.Kh2 a4 36.Ne2 Rb2
37.Qe7+ Kc8 38.Qc5+ Kd8 39.Qa5+  1-0

[Event "6th OIBM"]
[Site "Bad Wiessee GER"]
[Date "2002.10.28"]
[Round "3"]
[White "Lanka,Z"]
[Black "Stimpel,F"]
[Result "1-0"]
[WhiteElo "2509"]
[BlackElo "2278"]

1.e4 e6 2.d4 d5 3.Nc3 Bb4 4.e5 Ne7 5.a3 Bxc3+ 6.bxc3 c5 7.Nf3 Qc7 8.Bf4 b6
9.Bb5+ Bd7 10.Bd3 Ba4 11.Qd2 a6 12.h4 Nd7 13.h5 h6 14.Rh3 Bb5 15.Nh4 Bxd3
16.Qxd3 cxd4 17.cxd4 Qc4 18.Qxc4 dxc4 19.Rg3 Kf8 20.Bd2 Nd5 21.f4 Rh7 22.Rf3 Kg8
23.g4 Nf8 24.Bb4 a5 25.Bd6 c3 26.Ke2 g5 27.fxg5 hxg5 28.Ng2 Nd7 29.Kd3 Rc8
30.Raf1 Rc6 31.Ne3 Nf4+ 32.Rxf4 gxf4 33.Rxf4 b5 34.Rf1 Nb6 35.Rb1  1-0

[Event "Olympiad"]
[Site "Bled SLO"]
[Date "2002.11.02"]
[Round "8"]
[White "Erdogdu,M"]
[Black "Aderito,P"]
[Result "0-1"]
[WhiteElo "2318"]
[BlackElo "2262"]

1.e4 e6 2.d4 d5 3.Nc3 Bb4 4.e5 b6 5.Bd2 Bf8 6.Nce2 c5 7.c3 Qd7 8.Nf3 Ba6
9.g3 Ne7 10.Bg2 Nbc6 11.O-O h5 12.Re1 Nf5 13.Bg5 Rc8 14.Bh3 Nce7 15.Nf4 g6
16.a4 Nc6 17.Bf6 Rh6 18.dxc5 bxc5 19.Ng5 Be7 20.Bxf5 gxf5 21.Nxh5 Nxe5 22.Bxe7 Qxe7
23.f4 Nd3 24.Ng7+ Kf8 25.Nxf5 Qf6 26.Nxh6 Qxh6 27.Re2 e5 28.Qd2 e4 29.Qe3 Qh8
30.Rd1 Kg8 31.Rc2 Qh5 32.Rdd2 f6 33.Ne6 Qh3 34.c4 Qxe6 35.Rxd3 d4 36.Qe1 Re8
37.Rb3 d3 38.Rd2 Bxc4 39.Rc3 e3 40.Rdxd3 Bxd3 41.Rxd3 e2 42.Kg2 Qc6+ 43.Kf2 Qe4
44.Rc3 Qd4+ 45.Kf3 f5 46.Kg2 Qxa4 47.Kf2 Qd4+ 48.Kg2 c4 49.Kf3 a5 50.Kg2 Re3
51.Rc1 Qe4+ 52.Kh3 a4 53.Ra1 c3 54.bxc3 Qxf4 55.Kg2 Qf3+ 56.Kg1 Rd3 57.Rxa4 Rd1
58.Ra1  0-1

[Event "10th Chigorin Mem"]
[Site "St Petersburg RUS"]
[Date "2002.11.03"]
[Round "9"]
[White "Voitsekhovsky,S"]
[Black "Potkin,V"]
[Result "1-0"]
[WhiteElo "2513"]
[BlackElo "2495"]

1.e4 e6 2.d4 d5 3.Nc3 Bb4 4.e5 Ne7 5.a3 Bxc3+ 6.bxc3 b6 7.Nh3 Ng6 8.a4 Ba6
9.Bxa6 Nxa6 10.Qd3 Qc8 11.O-O O-O 12.Ng5 h6 13.Nxe6 Nxe5 14.dxe5 fxe6 15.Bxh6 gxh6
16.Qg6+ Kh8 17.Qxh6+ Kg8 18.Qg6+ Kh8 19.c4 Qd7 20.Ra3 Qh7 21.Qxe6 Nc5 22.Qc6 Rg8
23.Kh1 Rxg2 24.Qxa8+ Rg8 25.Qxd5 Ne4 26.Re3 Rg4 27.Qd8+ Rg8 28.Qd4  1-0

[Event "Olympiad w"]
[Site "Bled SLO"]
[Date "2002.11.04"]
[Round "9"]
[White "Sergeeva,M"]
[Black "Arribas,M"]
[Result "1-0"]
[WhiteElo "2350"]
[BlackElo "2348"]

1.e4 e6 2.d4 d5 3.Nc3 Bb4 4.e5 Qd7 5.a3 Bxc3+ 6.bxc3 b6 7.Qg4 f5 8.Qg3 Ba6
9.Bxa6 Nxa6 10.Ne2 Nb8 11.Nf4 Nc6 12.a4 Qf7 13.h4 Nge7 14.h5 h6 15.Ba3 Rg8
16.Qd3 Na5 17.Qb5+ Nec6 18.Rh3 a6 19.Qd3 Nc4 20.Rg3 Kd7 21.Rg6 Rae8 22.Qf3 a5
23.Nxe6 Rxe6 24.Qxd5+ Nd6 25.Rxe6 Qxe6 26.Qxe6+ Kxe6 27.exd6 cxd6 28.Rb1 Rb8
29.Kd2 Kd7 30.Rb5 Ne7 31.c4 Kc7 32.c5 bxc5 33.dxc5 dxc5 34.Rxb8 Kxb8 35.Bxc5 Nd5
36.Bd4 Kb7 37.g3 Kc6 38.Bxg7 Kd7 39.Bxh6 Nf6 40.Bg7 Nxh5 41.Bh8 Kc6 42.Kd3 Kc5
43.c3 Kd5 44.c4+ Kc5 45.Kc3  1-0

[Event "Olympiad w"]
[Site "Bled SLO"]
[Date "2002.11.06"]
[Round "11"]
[White "Jackova,J"]
[Black "Fomina,T"]
[Result "1-0"]
[WhiteElo "2361"]
[BlackElo "2235"]

1.e4 e6 2.d4 d5 3.Nc3 Bb4 4.e5 b6 5.a3 Bxc3+ 6.bxc3 Ba6 7.Qg4 g6 8.Bxa6 Nxa6
9.Ne2 Qd7 10.Qf3 Qa4 11.Ra2 Nb8 12.h4 h5 13.Bg5 Nc6 14.O-O Nce7 15.Rb1 Nf5
16.Rb4 Qc6 17.a4 a5 18.Rb3 Ngh6 19.Ra1 Ng4 20.Qd3 Kd7 21.f3 Ngh6 22.Qd2 Qc4
23.Nc1 Ng8 24.Kh2 Rf8 25.Nd3 Rh7 26.Rb5 Nge7 27.Nb2 Qc6 28.Rd1 Rhh8 29.Rb3 Re8
30.Qf4 Rh7 31.Kg1 Rf8 32.Kf2 Rfh8 33.Ke2 Re8 34.Kd2 Rb8 35.Rh1 Rbh8 36.Rh3 Qa8
37.Kc1 Qa6 38.Nd3 Qc4 39.g4 Nh6 40.Kd2 Qxa4 41.Rh1 Qc6 42.Ra1 Qa8 43.Rba3 Nhg8
44.Ra4 Nc6 45.c4 Nge7 46.cxd5 Nxd5 47.Qe4 hxg4 48.c4 Nde7 49.fxg4 Na7 50.Qe2 Nac6
51.Qf2 Na7 52.Nf4 Qe4 53.R4a3 Nac6 54.Re1 Qxd4+ 55.Rd3 Qxd3+ 56.Nxd3 a4 57.Ra1 Ra8
58.Ra3 Rhh8 59.Nb2 Ra5 60.Rxa4 Rha8 61.Rxa5 Rxa5 62.Bf6 b5 63.cxb5 Rxb5 64.Nd3 Ra5
65.Qf4 Nd5 66.Qc4 Na7 67.h5 gxh5 68.gxh5 Nb6 69.Qb3 Nc6 70.h6 Nd4 71.Qb4 Ra2+
72.Nb2 Nc6 73.Qb3 Ra8 74.h7 Nd4 75.Qd3  1-0

[Event "FSIM Nov"]
[Site "Budapest HUN"]
[Date "2002.11.07"]
[Round "6"]
[White "Timmermans,I"]
[Black "Fucak,E"]
[Result "1/2-1/2"]
[WhiteElo "2180"]
[BlackElo "2322"]

1.e4 e6 2.d4 d5 3.Nc3 Bb4 4.e5 b6 5.a3 Bf8 6.Bb5+ c6 7.Ba4 Ne7 8.Nce2 b5
9.Bb3 c5 10.c3 Nd7 11.Nf3 h6 12.O-O Nc6 13.Re1 Nb6 14.Nf4 c4 15.Bc2 Be7 16.Rf1 Kd7
17.Ne1 Kc7 18.b3 Bd7 19.a4 cxb3 20.Bxb3 bxa4 21.Bxa4 Nc4 22.Bc2 a5  1/2-1/2

[Event "Olympiad"]
[Site "Bled SLO"]
[Date "2002.11.08"]
[Round "13"]
[White "Faulks,N"]
[Black "Hawes,J"]
[Result "1/2-1/2"]
[WhiteElo "2041"]
[BlackElo "2141"]

1.Nc3 d5 2.d4 e6 3.e4 Bb4 4.e5 b6 5.Qg4 Bf8 6.Bd3 Ba6 7.Nf3 Bxd3 8.cxd3 Ne7
9.Ng5 h5 10.Qf4 Nf5 11.Ne2 Be7 12.h4 Nc6 13.a3 Qd7 14.Be3 f6 15.Nf3 O-O-O
16.Ng3 fxe5 17.dxe5 Nxg3 18.fxg3 Rdf8 19.Qa4 Kb7 20.Qc2 d4 21.Bf2 Rf5 22.O-O Rhf8
23.Rfe1 Nd8 24.b4 c5 25.bxc5 Bxc5 26.a4 Bb4 27.Re4 Bc3 28.Rb1 Nc6 29.Be1 Bxe1
30.Rexe1 Rc8  1/2-1/2

[Event "TCh-FIN 2002-3"]
[Site "Finland FIN"]
[Date "2002.11.17"]
[Round "5"]
[White "Kokkila,T"]
[Black "Kekki,P"]
[Result "1-0"]
[WhiteElo "2307"]
[BlackElo "2304"]

1.e4 e6 2.d4 d5 3.Nc3 Bb4 4.e5 Ne7 5.a3 Bxc3+ 6.bxc3 c5 7.Qg4 Qc7 8.Qxg7 Rg8
9.Qxh7 cxd4 10.Ne2 dxc3 11.f4 b6 12.Ng3 Qc5 13.Rb1 Ba6 14.Bxa6 Nxa6 15.Qd3 Qa5
16.O-O Nc5 17.Qh7 Nd7 18.Be3 Qa4 19.Rb4 Qxa3 20.Rb3 Qa4 21.Rxc3 d4 22.Qe4 Nd5
23.Bxd4 Rd8 24.Rcf3 Rc8 25.c3 Rc4 26.Qh7 Rf8 27.Ne4 Kd8 28.Nd6 Rxd4 29.cxd4 Qxd4+
30.Kh1 Nc5 31.Nxf7+ Kc8 32.Qg7  1-0

[Event "ch-CRO"]
[Site "Zagreb CRO"]
[Date "2002.11.26"]
[Round "3"]
[White "Mihalinec,D"]
[Black "Jadrijevic,A"]
[Result "1-0"]
[WhiteElo "2178"]
[BlackElo "2287"]

1.e4 e6 2.d4 d5 3.Nc3 Bb4 4.e5 Qd7 5.Ne2 b6 6.g3 Ba6 7.Bg2 c5 8.a3 Bxc3+
9.Nxc3 Nc6 10.Be3 cxd4 11.Bxd4 Nxd4 12.Qxd4 Ne7 13.Qg4 O-O 14.O-O-O Qc6 15.Kb1 Rac8
16.Rd2 Bc4 17.h4 a5 18.Nd1 Qc7 19.f4 b5 20.Qf3 b4 21.b3 Ba6 22.a4 Qc5 23.g4 f5
24.exf6 Rxf6 25.Bh3 e5 26.f5 d4 27.g5 Rff8 28.f6 Qc6 29.Qg4 Ng6 30.Bg2 Qd6
31.Ne3 Nf4 32.Nf5 Qc7 33.fxg7 Rfe8 34.Qxf4 exf4 35.Bd5+ Qf7 36.Bxf7+ Kxf7
37.Nd6+ Kxg7 38.Nxe8+ Rxe8 39.Rf2 f3 40.Kc1 Be2 41.Kd2 Re4 42.Rfh2 Kg6 43.Rg1 Kh5
44.g6 hxg6 45.Rg5+ Kh6 46.Rxa5 d3 47.h5 g5 48.Ra6+ Kh7 49.h6 dxc2 50.Ra7+ Kh8
51.h7 Re8 52.Ra5 g4 53.Rg5 Bc4 54.bxc4 b3 55.Rg8+ Rxg8 56.hxg8=Q+ Kxg8 57.Rh4  1-0

[Event "ch-CRO"]
[Site "Zagreb CRO"]
[Date "2002.11.29"]
[Round "6"]
[White "Heged,V"]
[Black "Kosic,E"]
[Result "0-1"]
[WhiteElo "2088"]
[BlackElo "2286"]

1.e4 e6 2.d4 d5 3.Nc3 Bb4 4.e5 b6 5.Nf3 Ba6 6.Bxa6 Nxa6 7.Qd3 Qc8 8.O-O Bf8
9.a3 Nb8 10.Re1 Ne7 11.Bg5 h6 12.Bxe7 Bxe7 13.Rac1 Qd7 14.Nd1 b5 15.Ne3 Nc6
16.c3 Na5 17.Qc2 Nc4 18.Nd2 Nxd2 19.Qxd2 Bg5 20.g3 Bxe3 21.Rxe3 a5 22.f4 g6
23.g4 h5 24.f5 exf5 25.e6 fxe6 26.Rce1 O-O-O 27.Rxe6 Rde8 28.Ra6 Kb7 29.Rxa5 hxg4
30.a4 bxa4 31.c4 Rxe1+ 32.Qxe1 Qd6 33.Qd2 dxc4 34.Rb5+ Kc8 35.Ra5 Kd7 36.Rxa4 g3
37.Ra1 gxh2+ 38.Kh1 Qd5+  0-1

[Event "ch-POL sf"]
[Site "Lubniewice POL"]
[Date "2002.12.04"]
[Round "5"]
[White "Zapolski,K"]
[Black "Szoen,D"]
[Result "0-1"]
[WhiteElo "2151"]
[BlackElo "2262"]

1.e4 e6 2.d4 d5 3.Nc3 Bb4 4.e5 Ne7 5.f4 c5 6.Nf3 Nbc6 7.a3 Bxc3+ 8.bxc3 Qa5
9.Bd2 Bd7 10.Bd3 cxd4 11.cxd4 Qa4 12.Be3 Nf5 13.Bf2 Nfxd4 14.Nxd4 Nxd4 15.Rb1 Nc6
16.Qg4 O-O-O 17.O-O f5 18.Qxg7 Rhg8 19.Qxh7 Qxf4 20.Bg3 Qe3+ 21.Rf2 Qd4 22.Re1 Rg4
23.Bxf5 Rg5 24.Bh3 Rf8 25.Qh6 Rxf2 26.Bxf2 Qd2 27.Qf8+ Nd8 28.Qf3 Nc6 29.Qf8+ Nd8
30.Qf3 Nc6 31.Qf8+ Nd8 32.Qf6 Rg8 33.Rf1 b6 34.a4 Qc3 35.Qf4 Qxh3 36.Bg3 Qg4  0-1

[Event "Rotary Open"]
[Site "Lindsborg Kansas USA"]
[Date "2002.12.17"]
[Round "1"]
[White "Khachian,M"]
[Black "Pruess,D"]
[Result "1-0"]
[WhiteElo "2481"]
[BlackElo "2351"]

1.e4 e6 2.d4 d5 3.Nc3 Bb4 4.e5 Ne7 5.a3 Bxc3+ 6.bxc3 b6 7.Qg4 O-O 8.Bg5 Qe8
9.Bd3 Ba6 10.Bxh7+ Kxh7 11.Qh4+ Kg8 12.Bxe7 Qb5 13.Bxf8 Nc6 14.Bxg7 Kxg7
15.Qg4+ Kf8 16.Ne2 Ke7 17.a4 Qc4 18.Qf3 Rg8 19.g3 Na5 20.h4 c5 21.h5 cxd4
22.h6 Nc6 23.Qf6+ Kd7 24.O-O-O Qxa4 25.h7 dxc3 26.Rxd5+  1-0

[Event "XV Carlos Torre"]
[Site "Merida MEX"]
[Date "2002.12.21"]
[Round "9"]
[White "Mitkov,N"]
[Black "Gongora Montes,B"]
[Result "1-0"]
[WhiteElo "2529"]
[BlackElo "2269"]

1.e4 e6 2.d4 d5 3.Nc3 Bb4 4.e5 Ne7 5.a3 Bxc3+ 6.bxc3 c5 7.Qg4 O-O 8.Bd3 Nbc6
9.Qh4 Ng6 10.Qxd8 Rxd8 11.Bg5 Rf8 12.Nf3 f6 13.exf6 gxf6 14.Bh6 Re8 15.O-O-O Bd7
16.h4 cxd4 17.cxd4 Rac8 18.h5 Nge7 19.Rde1 Kh8 20.g4 Ng8 21.Bd2 e5 22.dxe5 Bxg4
23.exf6 Bxf3 24.Rxe8 Rxe8 25.f7 Rf8 26.fxg8=Q+ Rxg8 27.Rh3 Rg1+ 28.Kb2 Bg4
29.Rh4 Rg2 30.Bf4 Bf3 31.Bg3 Rg1 32.h6 Kg8 33.Bf5 Re1 34.Bc8 Na5 35.Rf4 Bh5
36.Rf5 Bf7 37.Rg5+ Kf8 38.Kc3 b6 39.Bf5 Rh1 40.Be5 Nc4  1-0

[Event "Open"]
[Site "Pamplona ESP"]
[Date "2002.12.27"]
[Round "7"]
[White "Vazquez,R"]
[Black "Pomes Marcet,J"]
[Result "0-1"]
[WhiteElo "2423"]
[BlackElo "2380"]

1.e4 e6 2.d4 d5 3.Nc3 Bb4 4.e5 Qd7 5.Bd2 b6 6.Bb5 c6 7.Ba4 Ba6 8.Nce2 Bxd2+
9.Qxd2 Bb5 10.Bb3 c5 11.c3 Nc6 12.Nf3 Nge7 13.O-O cxd4 14.cxd4 Na5 15.Bd1 Nc4
16.Qc1 Rc8 17.Nc3 Na5 18.Re1 h6 19.Bc2 Ba6 20.Bb1 Nec6 21.b3 Qc7 22.Re3 Qe7
23.Qb2 Qb4 24.Nd1 Nb8 25.a3 Qe7 26.Nc3 Rc7 27.h4 g5 28.hxg5 hxg5 29.Nh2 Rh4
30.Bd3 Bxd3 31.Rxd3 a6 32.g3 Rh8 33.Ng4 Nd7 34.Re3 Kd8 35.f3 f5 36.exf6 Nxf6
37.Rae1 Nxg4 38.fxg4 Qf6 39.Rd3 Rhh7 40.Qg2 Nc6  0-1

[Event "38th Junior"]
[Site "Hallsberg SWE"]
[Date "2002.12.28"]
[Round "1"]
[White "Andersson,Fre2"]
[Black "Wallin,D"]
[Result "1/2-1/2"]
[WhiteElo "2162"]
[BlackElo "2111"]

1.e4 e6 2.d4 d5 3.Nc3 Bb4 4.e5 Qd7 5.Qg4 f5 6.Qh5+ Qf7 7.Qd1 b6 8.a3 Bxc3+
9.bxc3 Ba6 10.Bxa6 Nxa6 11.Nf3 h6 12.Qe2 Nb8 13.c4 c6 14.O-O Ne7 15.a4 O-O
16.Ba3 Rd8 17.c5 Nd7 18.Rfb1 Ng6 19.cxb6 axb6 20.Bd6 Ra7 21.Qd2 Rda8 22.Qb4 Nf4
23.Qd2  1/2-1/2

[Event "38th Junior"]
[Site "Hallsberg SWE"]
[Date "2002.12.29"]
[Round "2"]
[White "Tan,Kev"]
[Black "Kjartansson,D"]
[Result "1-0"]
[WhiteElo "2222"]
[BlackElo "2224"]

1.e4 e6 2.d4 d5 3.Nc3 Bb4 4.e5 Ne7 5.a3 Bxc3+ 6.bxc3 c5 7.Nf3 b6 8.a4 Ba6
9.Bxa6 Nxa6 10.Qe2 Nb8 11.O-O Nd7 12.Rd1 Qc7 13.Ba3 Nc6 14.c4 dxc4 15.Qxc4 Na5
16.Qe2 O-O 17.Ng5 h6 18.Ne4 Rfd8 19.f4 Qc6 20.Rd3 Qxa4 21.Rad1 cxd4 22.Be7 Nc5
23.Nf6+ Kh8 24.Rg3 Rg8 25.Nxg8 Rxg8 26.Rf1 Qc4 27.Qh5 Qxc2 28.Qxf7 Qf5 29.Bf6 Qh7
30.Rg6 Ne4 31.Bh4 Nc6 32.Rxe6 Nb4 33.f5 d3 34.Rg6 d2 35.f6 Nd3 36.fxg7+ Rxg7
37.Qf8+ Qg8 38.Rxh6+ Rh7 39.Bf6+ Nxf6 40.Qxf6+ Qg7 41.Qd8+ Qg8 42.Rxh7+  1-0

[Event "26th Christmas Open Masters"]
[Site "Zurich SUI"]
[Date "2002.12.30"]
[Round "7"]
[White "Jenni,F"]
[Black "Steckner,J"]
[Result "1-0"]
[WhiteElo "2483"]
[BlackElo "2272"]

1.e4 e6 2.d4 d5 3.Nc3 Bb4 4.e5 Ne7 5.a3 Bxc3+ 6.bxc3 b6 7.Qg4 Ng6 8.h4 h5
9.Qd1 Ba6 10.Bxa6 Nxa6 11.Bg5 Qd7 12.Ne2 Ne7 13.Nf4 g6 14.Qd3 Nb8 15.c4 Nbc6
16.cxd5 Nxd5 17.Ne2 Nde7 18.O-O Nf5 19.Bf6 O-O 20.Rad1 Nce7 21.c4 Rfd8 22.Qe4 Qa4
23.Rd3 Qxc4 24.Rc1 Qd5 25.Qxd5 Nxd5 26.Bxd8 Rxd8 27.g3 Nfe7 28.Kg2 Kf8 29.Kf3 Ke8
30.Nf4 Nxf4 31.Kxf4 Nd5+ 32.Kg5 Ke7 33.Kh6 Rg8 34.Kh7 Kf8 35.Rdc3 Rg7+ 36.Kh6 Rg8
37.Rxc7 Rh8+ 38.Kg5 Nxc7 39.Rxc7 Kg7 40.d5 exd5 41.e6 Rf8 42.Rxa7 d4 43.a4 d3
44.Rd7 d2 45.Rxd2 fxe6 46.Rd7+ Rf7 47.Rxf7+ Kxf7 48.f3 e5 49.g4 hxg4 50.fxg4 Kg7
51.h5 e4 52.Kf4  1-0

[Event "5th It"]
[Site "Ramat-Aviv ISR"]
[Date "2003.01.05"]
[Round "10"]
[White "Okunev,L"]
[Black "Nisman,B"]
[Result "0-1"]
[WhiteElo "2196"]
[BlackElo "2393"]

1.e4 e6 2.d4 d5 3.Nc3 Bb4 4.e5 Ne7 5.a3 Bxc3+ 6.bxc3 c5 7.Qg4 Qc7 8.Qxg7 Rg8
9.Qxh7 cxd4 10.Ne2 dxc3 11.f4 Nbc6 12.Qd3 Bd7 13.Rb1 Nf5 14.g3 d4 15.Bg2 O-O-O
16.Kf2 Na5 17.Bh3 Bc6 18.Rd1 Rh8 19.Bxf5 Rxh2+ 20.Kg1 Rh1+ 21.Kf2 Rxd1 22.Bxe6+ fxe6
23.Qxd1 Qh7 24.Qd3 Qh2+ 25.Ke1 Qh1+  0-1

[Event "TCh2-BEL 2002-3"]
[Site "Belgium BEL"]
[Date "2003.01.06"]
[Round "6"]
[White "Schuermans,R"]
[Black "Van der Burch,A"]
[Result "0-1"]
[WhiteElo "2219"]
[BlackElo "2183"]

1.e4 e6 2.d4 d5 3.Nc3 Bb4 4.e5 Ne7 5.a3 Bxc3+ 6.bxc3 c5 7.Qg4 Qc7 8.Qxg7 Rg8
9.Qxh7 cxd4 10.Kd1 dxc3 11.Nf3 Nbc6 12.Ng5 Nxe5 13.Bf4 Qb6 14.Bxe5 Rxg5 15.Qh4 Rg8
16.Qd4 Qxd4+ 17.Bxd4 Bd7 18.Rb1 Nc6 19.Bxc3 Rc8 20.h4 e5 21.Rxb7 Nd8 22.Rxd7 Kxd7
23.Bxe5 Ke6 24.Ba1 f6 25.g4 Rb8 26.Kc1 Kf7 27.Be2 Ne6 28.Bd1 Rgc8 29.g5 fxg5
30.Bh5+ Ke7 31.hxg5 Nxg5 32.Re1+ Kf8 33.Re5 Ne4 34.Bd4 Rc4 35.Rf5+ Ke7 36.Rxd5 Nc3
37.Bc5+ Rxc5 38.Rxc5 Rb1+  0-1

[Event "LXIX ch-BRA"]
[Site "Brasilia BRA"]
[Date "2003.01.10"]
[Round "2"]
[White "Coelho,L"]
[Black "Campello,L"]
[Result "1/2-1/2"]
[WhiteElo "2392"]
[BlackElo "2245"]

1.e4 e6 2.d4 d5 3.Nc3 Bb4 4.e5 Qd7 5.a3 Bxc3+ 6.bxc3 b6 7.Qg4 f5 8.Qg3 Ba6
9.Bxa6 Nxa6 10.a4 Nb8 11.a5 Nc6 12.axb6 cxb6 13.Ne2 Na5 14.h4 Qf7 15.h5 Ne7
16.h6 g6 17.Bg5 Kd7 18.O-O Nc4 19.Nf4 Rhc8 20.Nh3 Ng8 21.Qh4 Qf8 22.Bc1 Rc7
23.Rd1 a5 24.Rd3 a4 25.Ng5 Qe7 26.g4 Kc6 27.gxf5 gxf5 28.Rg3 Qe8 29.Nh3 Qf8
30.Nf4 Re7 31.Nh5 Rf7 32.Rg7 Ne7 33.Kf1 f4 34.Nxf4 Nf5 35.Rxf7 Qxf7 36.Qh5 Qxh5
37.Nxh5 b5 38.Nf6 Ra7 39.Ke2 Rf7 40.Kf3 Nb6 41.Bg5  1/2-1/2

[Event "National I"]
[Site "Sautron FRA"]
[Date "2003.01.31"]
[Round "1"]
[White "Delorme,Ax"]
[Black "Apicella,M"]
[Result "0-1"]
[WhiteElo "2071"]
[BlackElo "2501"]

1.e4 e6 2.d4 d5 3.Nc3 Bb4 4.e5 Ne7 5.a3 Bxc3+ 6.bxc3 c5 7.Qg4 O-O 8.Bd3 Nbc6
9.Qh5 Ng6 10.Nf3 Qc7 11.Be3 c4 12.Bxg6 fxg6 13.Qg4 Qf7 14.h4 h6 15.Kd2 Ne7
16.Ng1 Bd7 17.Nh3 a5 18.Nf4 b5 19.Rab1 Rab8 20.Rb2 Rb6 21.Rhb1 Rfb8 22.Ke1 Kh7
23.h5 g5 24.Ne2 Nf5 25.Ng3 Nxg3 26.fxg3 Qf8 27.Ra2 b4 28.axb4 axb4 29.Ra7 bxc3
30.Rc1 Be8 31.Ke2 Rb1 32.Ra1 Rxa1 33.Rxa1 Rb2 34.Rc1 Ba4 35.Qxe6 Bxc2 36.Ke1 Bd3  0-1